[Event "Trophee Roza Lallemand Online"]
[Site "Tornelo INT"]
[Date "2020.12.13"]
[Round "9"]
[White "Gobert, Claire"]
[Black "Estin Charbonnel, Lucie"]
[Result "0-1"]
[WhiteElo "1160"]
[BlackElo "1390"]
[PlyCount "38"]
[EventDate "2020.12.13"]
[EventType "swiss (rapid)"]
[EventRounds "9"]
[EventCountry "USA"]
[SourceTitle "EXT 2022"]
[Source "ChessBase"]
[SourceDate "2021.10.06"]
[SourceVersion "1"]
[SourceVersionDate "2021.10.06"]
[SourceQuality "1"]

1. d4 Nf6 2. Bf4 d5 3. Nf3 Bf5 4. e3 e6 5. c4 Bxb1 6. Rxb1 Bb4+ 7. Nd2 Ne4 8. Qa4+ Nc6 9. cxd5 Qxd5 10. Bb5 Nxd2 11. Rd1 a5 12. a3 Nc4+ 13. Ke2 Nxb2 14. Bxc6+ bxc6 15. Qc2 Nxd1 16. axb4 Nxe3 17. fxe3 Qxg2+ 18. Kd3 Qxh1 19. Qxc6+ Qxc6 0-1

[Event "Trophee Roza Lallemand Online"]
[Site "Tornelo INT"]
[Date "2020.12.13"]
[Round "4"]
[White "Gobert, Claire"]
[Black "Hoser, Clara"]
[Result "0-1"]
[WhiteElo "1160"]
[BlackElo "1290"]
[PlyCount "128"]
[EventDate "2020.12.13"]
[EventType "swiss (rapid)"]
[EventRounds "9"]
[EventCountry "USA"]
[SourceTitle "EXT 2022"]
[Source "ChessBase"]
[SourceDate "2021.10.06"]
[SourceVersion "1"]
[SourceVersionDate "2021.10.06"]
[SourceQuality "1"]

1. d4 d6 2. Bf4 Nf6 3. e3 a6 4. Bd3 e5 5. Bg5 Be7 6. Bxf6 Bxf6 7. c3 exd4 8. exd4 Qe7+ 9. Qe2 Qxe2+ 10. Nxe2 0-0 11. 0-0 Re8 12. Nf4 Nc6 13. Nd5 Bd8 14. Nd2 Be6 15. Rae1 Rc8 16. f4 Bh4 17. g3 Bxg3 18. hxg3 Bxd5 19. a3 Kf8 20. Bxh7 g6 21. f5 Rxe1 22. Rxe1 Kg7 23. c4 Bxc4 24. Nxc4 Nxd4 25. f6+ Kxf6 26. Rf1+ Kg7 27. Bxg6 Kxg6 28. Ne3 Re8 29. Nd5 c6 30. Nc3 Ne2+ 31. Nxe2 Rxe2 32. Rb1 Kg5 33. Kf1 Re5 34. Kf2 f5 35. Rd1 d5 36. Rd3 Re4 37. Rb3 b5 38. Rc3 Re6 39. Kf3 Rd6 40. Re3 d4 41. Re8 Rd5 42. Re6 Rc5 43. Re8 a5 44. Rg8+ Kf6 45. g4 fxg4+ 46. Rxg4 d3 47. Rf4+ Ke5 48. Re4+ Kd5 49. Re3 d2 50. Rd3+ Kc4 51. Rxd2 Kb3 52. Ke2 Rc2 53. Kd3 Rxd2+ 54. Kxd2 Kxb2 55. Kd3 Kxa3 56. Kc3 b4+ 57. Kc2 c5 58. Kb1 c4 59. Ka1 c3 60. Kb1 b3 61. Ka1 b2+ 62. Kb1 c2+ 63. Kxc2 Ka2 64. Kc3 b1Q 0-1

[Event "Trophee Roza Lallemand Online"]
[Site "Tornelo INT"]
[Date "2020.12.13"]
[Round "1"]
[White "Suaton, Marjorie"]
[Black "Gobert, Claire"]
[Result "0-1"]
[WhiteElo "1264"]
[BlackElo "1160"]
[PlyCount "68"]
[EventDate "2020.12.13"]
[EventType "swiss (rapid)"]
[EventRounds "9"]
[EventCountry "USA"]
[SourceTitle "EXT 2022"]
[Source "ChessBase"]
[SourceDate "2021.10.06"]
[SourceVersion "1"]
[SourceVersionDate "2021.10.06"]
[SourceQuality "1"]

1. d4 e6 2. Bf4 d5 3. e3 c5 4. Nc3 Qb6 5. Nb5 Na6 6. b3 Bd7 7. a4 cxd4 8. exd4 Rc8 9. Bd3 Bxb5 10. axb5 Qxd4 11. Ne2 Bb4+ 12. Bd2 Bxd2+ 13. Qxd2 Qxa1+ 14. Nc1 Nc5 15. 0-0 Nf6 16. b4 Nxd3 17. Nb3 Qb2 18. Nd4 Qxd4 19. h3 Qxb4 20. Qxd3 0-0 21. Re1 Qxe1+ 22. Kh2 Qxf2 23. Qf3 Qxf3 24. gxf3 Rxc2+ 25. Kg3 Rfc8 26. b6 axb6 27. h4 b5 28. Kf4 R8c4+ 29. Ke3 b4 30. Kd3 b3 31. Ke3 b2 32. f4 b1Q 33. Kf3 Qd1+ 34. Kg3 R4c3# 0-1